000 00459nam a2200181Ia 4500
005 20260429111938.0
008 260429s9999||||xx |||||||||||||| ||und||
020 _a9788184115901
041 _aEnglish
082 _a551
_bKUM
100 _aKumar, Sunil
245 0 _aTextbook of geology /
_cSunil Kumar
260 _aNew Delhi :
_bSonali Publications,
_c2022.
300 _av, 334 p.; hb
650 _a Geology
650 _aEarth science
942 _cTB
999 _c51560
_d51560